000 00665nam a2200169 a 4500
001 BRCA_1074
005 20190320203252.0
008 220508m19992003gw-a---###---#000-0#ger-#
050 4 _aNC1807.A5
_b.B46 1999
245 1 0 _aBernhard
_bWerbung und Design im Aufbruch [Bern Hard : publicidad y diseño en los albores del siglo XX.
260 _aStuttgart, Alemania
_bInstitut für Auslandsbeziehungen
_c1999
300 _a174 p.
_bil. a color
_c31 cm.
_e1 folleto con resumen en español
600 1 4 _aBernhard, Lucian
_d1883-
_vExposiciones
_93538
650 1 4 _aCarteles
_xDiseño
_ySiglo XX
_zAlemania
_93539
650 1 4 _aDiseño gráfico y publicitario
_93540
942 _2lcc
_cB
999 _c953
_d953